Usability assessment of library related web sites : methods and case studies
This book inclubes: chapter 1 defines the concept of usability and provides a synopsis of methods for measuring usability. Chapter 2 discusses some of the important elements to consider when conducting a usability study.
Đã lưu trong:
| 主要作者: | |
|---|---|
| 格式: | 图书 |
| 语言: | Undetermined |
| 出版: |
Chicago, Ill.
LITA, a division of the American Library Association
2001
|
| 主题: | |
| 标签: |
添加标签
没有标签, 成为第一个标记此记录!
|
| Thư viện lưu trữ: | Trung tâm Học liệu Trường Đại học Cần Thơ |
|---|
| LEADER | 00890nam a2200205Ia 4500 | ||
|---|---|---|---|
| 001 | CTU_127063 | ||
| 008 | 210402s9999 xx 000 0 und d | ||
| 082 | |a 021.65 | ||
| 082 | |b C187 | ||
| 100 | |a Campbell, Nicole | ||
| 245 | 0 | |a Usability assessment of library related web sites : | |
| 245 | 0 | |b methods and case studies | |
| 260 | |a Chicago, Ill. | ||
| 260 | |b LITA, a division of the American Library Association | ||
| 260 | |c 2001 | ||
| 520 | |a This book inclubes: chapter 1 defines the concept of usability and provides a synopsis of methods for measuring usability. Chapter 2 discusses some of the important elements to consider when conducting a usability study. | ||
| 650 | |a Library Web sites,Library Web sites,Library information networks,Web site development | ||
| 650 | |x Use studies,Design | ||
| 904 | |i Nguyên | ||
| 980 | |a Trung tâm Học liệu Trường Đại học Cần Thơ | ||